| 000 -LEADER |
| fixed length control field |
05781nam a22006617a 4500 |
| 001 - CONTROL NUMBER |
| control field |
908511286 |
| 003 - CONTROL NUMBER IDENTIFIER |
| control field |
OCoLC |
| 005 - DATE AND TIME OF LATEST TRANSACTION |
| control field |
20210419122850.0 |
| 006 - FIXED-LENGTH DATA ELEMENTS--ADDITIONAL MATERIAL CHARACTERISTICS |
| fixed length control field |
m o d |
| 007 - PHYSICAL DESCRIPTION FIXED FIELD--GENERAL INFORMATION |
| fixed length control field |
cr |n||||||||| |
| 008 - FIXED-LENGTH DATA ELEMENTS--GENERAL INFORMATION |
| fixed length control field |
171108s2019 pau b 001 0 eng |
| 010 ## - LIBRARY OF CONGRESS CONTROL NUMBER |
| LC control number |
2017053868 |
| 016 7# - NATIONAL BIBLIOGRAPHIC AGENCY CONTROL NUMBER |
| Record control number |
101716509 |
| Source |
DNLM |
| 020 ## - INTERNATIONAL STANDARD BOOK NUMBER |
| International Standard Book Number |
9781496343802 |
| Qualifying information |
(hardback) |
| 020 ## - INTERNATIONAL STANDARD BOOK NUMBER |
| International Standard Book Number |
1496343808 |
| 020 ## - INTERNATIONAL STANDARD BOOK NUMBER |
| International Standard Book Number |
9781451158250 |
| 020 ## - INTERNATIONAL STANDARD BOOK NUMBER |
| International Standard Book Number |
1451158254 |
| 020 ## - INTERNATIONAL STANDARD BOOK NUMBER |
| Canceled/invalid ISBN |
9781605474113 |
| 020 ## - INTERNATIONAL STANDARD BOOK NUMBER |
| Canceled/invalid ISBN |
1605474118 |
| 020 ## - INTERNATIONAL STANDARD BOOK NUMBER |
| International Standard Book Number |
9781975117993 |
| 020 ## - INTERNATIONAL STANDARD BOOK NUMBER |
| International Standard Book Number |
1975117999 |
| 035 ## - SYSTEM CONTROL NUMBER |
| System control number |
(OCoLC)908511286 |
| Canceled/invalid control number |
(OCoLC)923524787 |
| -- |
(OCoLC)929495779 |
| -- |
(OCoLC)986973447 |
| -- |
(OCoLC)993969187 |
| -- |
(OCoLC)993999524 |
| -- |
(OCoLC)1011550290 |
| 040 ## - CATALOGING SOURCE |
| Original cataloging agency |
NLM |
| Language of cataloging |
eng |
| Description conventions |
rda |
| Transcribing agency |
NLM |
| Modifying agency |
YDX |
| -- |
EBLCP |
| -- |
OCLCO |
| -- |
NLM |
| -- |
OCLCQ |
| -- |
OCLCO |
| 041 ## - LANGUAGE CODE |
| Language code of text/sound track or separate title |
eng |
| 042 ## - AUTHENTICATION CODE |
| Authentication code |
pcc |
| 049 ## - LOCAL HOLDINGS (OCLC) |
| Holding library |
YYEA |
| 080 ## - UNIVERSAL DECIMAL CLASSIFICATION NUMBER |
| Universal Decimal Classification number |
616 |
| Item number |
O-73 |
| 096 ## - LOCALLY ASSIGNED NLM-TYPE CALL NUMBER (OCLC) |
| Classification number |
WB 200 O69s 2019 |
| 100 1# - MAIN ENTRY--PERSONAL NAME |
| Personal name |
Orient, Jane M. |
| 245 10 - TITLE STATEMENT |
| Title |
Sapira's art & science of bedside diagnosis / |
| Statement of responsibility, etc. |
Jane M. Orient. |
| 246 3# - VARYING FORM OF TITLE |
| Title proper/short title |
Sapira's art and science of bedside diagnosis. |
| 246 3# - VARYING FORM OF TITLE |
| Title proper/short title |
Art & science of bedside diagnosis. |
| 246 3# - VARYING FORM OF TITLE |
| Title proper/short title |
Art and science of bedside diagnosis. |
| 250 ## - EDITION STATEMENT |
| Edition statement |
5th ed. |
| 260 ## - PUBLICATION, DISTRIBUTION, ETC. |
| Place of publication, distribution, etc. |
Philadelphia : |
| Name of publisher, distributor, etc. |
Wolters Kluwer, |
| Date of publication, distribution, etc. |
[2019] |
| 263 ## - PROJECTED PUBLICATION DATE |
| Projected publication date |
1801. |
| 300 ## - PHYSICAL DESCRIPTION |
| Extent |
xiii, 742 p. : |
| Other physical details |
ill. ; |
| Dimensions |
28 cm. |
| 500 ## - GENERAL NOTE |
| General note |
EINSTEIN: available online via LWW Health Library. See Reference staff for assistance. |
| 504 ## - BIBLIOGRAPHY, ETC. NOTE |
| Bibliography, etc. note |
Includes bibliographical references and index. |
| 505 0# - FORMATTED CONTENTS NOTE |
| Formatted contents note |
1 Introduction; How to Use This Book; A Disclaimer; Diagnostic Equipment to Purchase; The Science of Clinical Examination; The Art of Clinical Examination; Ethical Foundations; Definitions; Evaluation of Diagnostic Signs: More Defi nitions; Evaluation of Diagnostic Signs: More Defi nitions; Evidence-based Medicine; Evidence-based Medicine; Appendix 1.1 Answer to the Question on the Stethoscope; Appendix 1.2 Answer to the Question on Incidence and Prevalence; Appendix 1.3 Analysis of Example on Testing Sequence; Appendix 1.4 Answer to the Self-study Question on Priorand Posterior Probabilities. |
| 505 8# - FORMATTED CONTENTS NOTE |
| Formatted contents note |
Appendix 1.5 Answer to the Self-study question on NNReferences; Appendix 1.2; Appendix 1.3; Appendix 1.4; Appendix 1.5; References; Appendix 1.1; 2 The Interview; First Principles of the Interview; Interviewing Style; Assessing and Improving Your Interviewing Skills; Autognosis; Last Question in the Interview; The Psychodynamic Termination of the Physical Examination; Notes on Offi ce-based Practice; Interviewing Patients Who Are Forgetful or Confused; Approach to the Elderly Patient; The Patient Who Seems to Be Changing His Story; The Patient Who Is Vague. |
| 505 8# - FORMATTED CONTENTS NOTE |
| Formatted contents note |
The Patient Who May Be Addicted to Drugs or BehaviorsThe Patient Who May Be Involved in Illegal Activities; The Patient Who May Have Other Legal Involvements; The Pseudopatient; The Patient Who Might Have a Factitious Disease; Sexual Orientation; The Patient Who Is a Member of a Subculture with Its Own Jargon; The Non-English-speaking Patient; The Patient Who Cannot Hear Well; The Patient Who Cannot Read Well; The Hostile Patient; The Patient Who Refers to Himself as a "Guinea Pig"; The Patient Who Will Only Be Examined by a "Real Doctor"; The Patient Who Asks Personal Questions. |
| 505 8# - FORMATTED CONTENTS NOTE |
| Formatted contents note |
The Organ Recital (or "by the Way, Doctor ... ")The Aphasic Patient; The Evasive Patient; The Uncooperative ("Noncompliant") Patient; Dealing with Fantasies; The Patient Who Begins to Cry; The Patient Who Is Undiagnosable; The Demanding Patient; The Patient Who Denies the Relevance of Psychologic Factors; Appendix 2.1 Abbreviated Cognitive Examination; Appendix 2.2 Reasons for Identifying the Patient with Dementia; Appendix 2.3 Answer to the Self-test on the CAGE Test; Further Reading; References; 3 The History; Importance of the History; The Difference between Facts and Information. |
| 505 8# - FORMATTED CONTENTS NOTE |
| Formatted contents note |
Overview of History of Present IllnessChief Complaint; Dimensions of a Symptom; Associated Symptoms; Abbreviated History in Trauma Patients; Elaboration of Selected Symptoms; A Philosophical Interlude on "Diseases" and "Syndromes"; Use of Diagnostic Conclusions; Past Medical History; Social History; Sexual History; A History of Abuse; Drug History; Dietary and Nutritional History; A Note to the Student; References; 4 The Case Record; Introduction; Model Outline of Gerry Rodnan, MD; Comments on Historic Information; General Considerations on Authoring the Medical Record; Chief Complaint. |
| 520 ## - SUMMARY, ETC. |
| Summary, etc. |
"The physical exam can either determine disease or confirm good health. When a patient presents to her physician with a set of symptoms, the physical exam and patient history can identify the cause and serve as a guide for subsequent diagnostic testing. It is a key building block in the practice of medicine, yet students and residents have difficulty determining what information is relevant and how it applies to the patient"--Provided by publisher. |
| 590 ## - LOCAL NOTE (RLIN) |
| Local note |
c.1 10071878 Ritt 7/23/2018 $124.99. |
| 650 #2 - SUBJECT ADDED ENTRY--TOPICAL TERM |
| Topical term or geographic name entry element |
Physical Examination |
| General subdivision |
methods. |
| 650 #2 - SUBJECT ADDED ENTRY--TOPICAL TERM |
| Topical term or geographic name entry element |
Medical History Taking |
| General subdivision |
methods. |
| 650 #0 - SUBJECT ADDED ENTRY--TOPICAL TERM |
| Topical term or geographic name entry element |
Medicine |
| 9 (RLIN) |
69 |
| 653 ## - INDEX TERM--UNCONTROLLED |
| Uncontrolled term |
ფიზიკური გასინჯვა |
| 653 ## - INDEX TERM--UNCONTROLLED |
| Uncontrolled term |
სამედიცინო ისტორიის შეკრება |
| 653 ## - INDEX TERM--UNCONTROLLED |
| Uncontrolled term |
მედიცინა |
| 655 #7 - INDEX TERM--GENRE/FORM |
| Genre/form data or focus term |
Electronic books. |
| 710 2# - ADDED ENTRY--CORPORATE NAME |
| Corporate name or jurisdiction name as entry element |
LWW Health Library (Online Service) |
| 776 08 - ADDITIONAL PHYSICAL FORM ENTRY |
| Relationship information |
Print version: |
| Main entry heading |
Orient, Jane M. |
| Title |
Sapira's Art And Science of Bedside Diagnosis. |
| Place, publisher, and date of publication |
Philadelphia : Wolters Kluwer Health, ©2012 |
| International Standard Book Number |
9781605474113. |
| 856 41 - ELECTRONIC LOCATION AND ACCESS |
| Materials specified |
LWWHealthLibrary |
| Uniform Resource Identifier |
<a href="https://elibrary.einsteinmed.org/login?url=https://meded.lwwhealthlibrary.com/book.aspx?bookid=2384 ">https://elibrary.einsteinmed.org/login?url=https://meded.lwwhealthlibrary.com/book.aspx?bookid=2384 </a> |
| Public note |
EINSTEIN: LWW Health Library ebook collection |
| 942 ## - ADDED ENTRY ELEMENTS (KOHA) |
| Source of classification or shelving scheme |
|
| Koha item type |
Books |
| Edition |
5 |